Update of Dental Local Anesthesia (Record no. 18057)

MARC details
000 -LEADER
fixed length control field 00369nam a22001457a 4500
003 - CONTROL NUMBER IDENTIFIER
control field SGT
020 ## - INTERNATIONAL STANDARD BOOK NUMBER
International Standard Book Number 9781437724417
082 ## - DEWEY DECIMAL CLASSIFICATION NUMBER
Classification number 617.66
Item number U10P
100 ## - MAIN ENTRY--PERSONAL NAME
Personal name Paul Moore, Elliot Hersh
245 ## - TITLE STATEMENT
Title Update of Dental Local Anesthesia
260 ## - PUBLICATION, DISTRIBUTION, ETC. (IMPRINT)
Place of publication, distribution, etc DELHI
Name of publisher, distributor, etc DCNA ELSEVIER INDIA
Year of Publication 2010
300 ## - PAGE DESCRIPTION
No. of Pages 587-785
650 ## - SUBJECT ADDED ENTRY--TOPICAL TERM
Topical term or geographic name as entry element Local Anesthesia, Oral Surgery
942 ## - ADDED ENTRY ELEMENTS (KOHA)
Source of classification or shelving scheme Dewey Decimal Classification
Koha item type Books
Holdings
Withdrawn status Lost status Source of classification or shelving scheme Damaged status Not for loan Home library Current library Shelving location Date acquired Vendor Name Volume Information (Serial or Books or Non-Book Material) SGTU Total Checkouts Full call number Accession No. (Barcode) Date last seen Date last borrowed Bill Date Koha item type
    Dewey Decimal Classification     SGT Dental Library SGT Dental Library Reference Book 27/05/2019 AHUJA SUBSCRIPTION AGENCY 54.4 SGTU 1 617.66 U10P FD8030 05/06/2019 05/06/2019 27/05/2019 Books